Normal view MARC view
  • PANDAY, KUMAR ASKAND

Entry Personal Name

Number of records used in: 1

001 - CONTROL NUMBER

  • control field: 5870

003 - CONTROL NUMBER IDENTIFIER

  • control field: OSt

005 - DATE AND TIME OF LATEST TRANSACTION

  • control field: 20200608140016.0

008 - FIXED-LENGTH DATA ELEMENTS

  • fixed length control field: 200608|| aca||aabn | a|a d

040 ## - CATALOGING SOURCE

  • Original cataloging agency: OSt
  • Transcribing agency: OSt

100 ## - HEADING--PERSONAL NAME

  • Personal name: PANDAY, KUMAR ASKAND

670 ## - SOURCE DATA FOUND

  • Source citation: Work cat.: (OSt): PANDAY, KUMAR ASKAND, JUVENILE JUSTICE A COMMENTARY ON JUVENILE JUSTICE (care and protection of children ) ACT, 2015, 2019